01299nam a2200301Ia 4500001000900000003000500009008004100014010001100055040000900066090001700075100004600092245024300138260003400381300001100415502010600426650003600532650002900568700004100597710005800638901001700696902000600713905006300719910000900782942000900791942001200800999001900812952016600831Para_586CHAP220125s1993 xx 000 0 und d a199346 cCHAP aPA TESIS 660 aArmendariz Mancinas, María Esther97173 aPoblación estratificada y germinación de semillas de "sorgo maleza" (Sorghum bicolor (L.) Moench) en tres sistemas de labrnza en el oriente de Morelos, México /c por María Esther Armendariz Mancinas y Francisco Hernández Blanco aChapingo, Méx. :b el autor a107 h. aTesis (Ing. Agr. Esp. en Parasitología Agrícola) -- UACh. Departamento Parasitología Agrícola aSorgo x germinación 9108674 aSorgo x Morelos9108698 aHernández Blanco, Francisco953859 aUACh. Departamento Parasitología Agrícola9164025 aPA TESIS 660 aA a0000001993 a 0000000000 00 a1993 cPARA cPARAd1 c199346d199346 00102local4051708TESISaPAbPAd2005-10-27fPARAi(PA_5852) (No. UACh CONSUMO)l0oPA TESIS 660p4101000931r2022-01-25 00:00:00tEj.1w2022-01-25yTESISz3